000 00361nam a22001217a 4500
082 _a346.5491015
100 _aKhan, Uzma Razzaq
245 _aManual of Family Laws in Pakistan /
_cUzma Razzaq Khan
260 _aLahore :
_bIrfan Law Book House,
_c2019.
300 _a1194 p. ;
_c24cm.
942 _2ddc
_cBK
999 _c540990
_d540990